[Event "DEM U12 2018"]
[Site "Willingen GER"]
[Date "2018.05.25"]
[Round "10"]
[White "Tham, Nam"]
[Black "Schubert, Nikita"]
[Result "1/2-1/2"]
[Termination "normal"]
[Board "1"]
[WhiteElo "1866"]
[BlackElo "1802"]
[WhiteClock "00:40:43"]
[BlackClock "00:17:06"]
[PlyCount "59"]
[WhiteFideId "12997331"]
[BlackFideId "16212339"]
[EventCountry "GER"]
[EventRounds "11"]
[EventType "swiss"]
[EventDate "2018.05.19"]

1. e4 {[%clk 1:15:58]} 1... e5 {[%clk 1:15:56]} 2. Nf3 {[%clk 1:16:22]} 2...
Nc6 {[%clk 1:16:23]} 3. Bc4 {[%clk 1:16:48]} 3... Bc5 {[%clk 1:16:46]} 4. c3 {
[%clk 1:17:13]} 4... Nf6 {[%clk 1:17:12]} 5. d3 {[%clk 1:17:39]} 5... O-O {
[%clk 1:17:34]} 6. Bb3 {[%clk 1:17:53]} 6... d5 {[%clk 1:17:58]} 7. Qe2 { [%clk
1:17:43]} 7... Be6 {[%clk 1:12:04]} 8. O-O {[%clk 1:17:08]} 8... Qe7 { [%clk
1:05:12]} 9. Nbd2 {[%clk 1:17:18]} 9... Rad8 {[%clk 1:05:16]} 10. h3 { [%clk
1:17:12]} 10... dxe4 {[%clk 0:59:16]} 11. dxe4 {[%clk 1:17:12]} 11... Bxb3
{[%clk 0:57:47]} 12. axb3 {[%clk 1:16:15]} 12... Qe6 {[%clk 0:56:35]} 13. b4
{[%clk 1:15:38]} 13... Bb6 {[%clk 0:56:41]} 14. Nc4 {[%clk 1:15:22]} 14... Nd7
{[%clk 0:54:57]} 15. Re1 {[%clk 1:10:25]} 15... Ne7 {[%clk 0:53:45]} 16. Bg5
{[%clk 1:08:10]} 16... f6 {[%clk 0:53:29]} 17. Be3 {[%clk 1:08:07]} 17... Ng6
{[%clk 0:52:55]} 18. Nxb6 {[%clk 1:06:52]} 18... axb6 {[%clk 0:53:15]} 19. Red1
{[%clk 1:05:49]} 19... Ra8 {[%clk 0:46:57]} 20. Qc2 {[%clk 1:01:55]} 20... Rfd8
{[%clk 0:45:17]} 21. Nd2 {[%clk 0:59:13]} 21... Ndf8 {[%clk 0:37:40]} 22. Nf1
{[%clk 0:59:02]} 22... Qe8 {[%clk 0:35:11]} 23. Ng3 {[%clk 0:58:44]} 23... Ne6
{[%clk 0:35:35]} 24. Qb3 {[%clk 0:58:27]} 24... Kh8 {[%clk 0:30:56]} 25. Nf5
{[%clk 0:57:29]} 25... Ngf4 {[%clk 0:29:43]} 26. Kh2 {[%clk 0:53:07]} 26... Qc6
{[%clk 0:22:54]} 27. Bxf4 {[%clk 0:47:10]} 27... exf4 {[%clk 0:20:37]} 28. f3
{[%clk 0:45:12]} 28... Rxa1 {[%clk 0:18:13]} 29. Rxa1 {[%clk 0:45:03]} 29...
Qd7 {[%clk 0:17:06]} 30. Qc4 {[%clk 0:40:43]} 1/2-1/2

[Event "DEM U12 2018"]
[Site "Willingen GER"]
[Date "2018.05.25"]
[Round "10"]
[White "Werner, Denis"]
[Black "Farokhi, Keyvan"]
[Result "1-0"]
[Termination "normal"]
[Board "3"]
[WhiteElo "1706"]
[BlackElo "1844"]
[WhiteClock "00:56:45"]
[BlackClock "00:09:47"]
[PlyCount "155"]
[WhiteFideId "16226429"]
[BlackFideId "12998630"]
[EventCountry "GER"]
[EventRounds "11"]
[EventType "swiss"]
[EventDate "2018.05.19"]

1. e4 {[%clk 1:15:50]} 1... e5 {[%clk 1:15:43]} 2. Nf3 {[%clk 1:15:43]} 2...
Nc6 {[%clk 1:15:50]} 3. Nc3 {[%clk 1:15:44]} 3... Nf6 {[%clk 1:15:59]} 4. d4 {
[%clk 1:15:41]} 4... exd4 {[%clk 1:16:18]} 5. Nxd4 {[%clk 1:15:41]} 5... Bb4 {
[%clk 1:16:34]} 6. Nxc6 {[%clk 1:15:19]} 6... bxc6 {[%clk 1:16:52]} 7. Bd3 {
[%clk 1:15:14]} 7... d5 {[%clk 1:17:10]} 8. exd5 {[%clk 1:15:05]} 8... O-O {
[%clk 1:15:29]} 9. O-O {[%clk 1:13:59]} 9... cxd5 {[%clk 1:15:38]} 10. Bg5 {
[%clk 1:13:44]} 10... c6 {[%clk 1:15:43]} 11. Qf3 {[%clk 1:12:57]} 11... Rb8 {
[%clk 1:12:33]} 12. Na4 {[%clk 1:08:45]} 12... Be7 {[%clk 1:08:14]} 13. h3 {
[%clk 1:07:24]} 13... h6 {[%clk 0:58:57]} 14. Bf4 {[%clk 1:03:50]} 14... Bd6 {
[%clk 0:56:50]} 15. b3 {[%clk 1:01:56]} 15... Be6 {[%clk 0:50:59]} 16. Rad1 {
[%clk 0:58:04]} 16... c5 {[%clk 0:40:41]} 17. Nc3 {[%clk 0:56:30]} 17... d4 {
[%clk 0:35:48]} 18. Ne4 {[%clk 0:53:40]} 18... Bxf4 {[%clk 0:35:32]} 19. Qxf4 {
[%clk 0:53:16]} 19... Nxe4 {[%clk 0:33:34]} 20. Qxe4 {[%clk 0:53:16]} 20... g6
{[%clk 0:32:43]} 21. Rfe1 {[%clk 0:49:21]} 21... Re8 {[%clk 0:27:06]} 22. Qf4 {
[%clk 0:45:03]} 22... Qg5 {[%clk 0:20:06]} 23. Qxg5 {[%clk 0:43:31]} 23... hxg5
{[%clk 0:20:29]} 24. Re5 {[%clk 0:43:34]} 24... g4 {[%clk 0:20:51]} 25. h4 {
[%clk 0:42:10]} 25... Rbc8 {[%clk 0:18:38]} 26. Bb5 {[%clk 0:40:47]} 26... Red8
{[%clk 0:17:11]} 27. Bd3 {[%clk 0:39:36]} 27... Re8 {[%clk 0:17:09]} 28. Ba6 {
[%clk 0:39:04]} 28... Bf5 {[%clk 0:15:11]} 29. Rxf5 {[%clk 0:37:50]} 29... gxf5
{[%clk 0:15:32]} 30. Bxc8 {[%clk 0:38:07]} 30... Rxc8 {[%clk 0:15:57]} 31. Re1
{[%clk 0:38:11]} 31... c4 {[%clk 0:15:55]} 32. Rd1 {[%clk 0:38:08]} 32... cxb3
{[%clk 0:15:36]} 33. cxb3 {[%clk 0:37:37]} 33... Rc2 {[%clk 0:14:26]} 34. Rxd4
{[%clk 0:37:31]} 34... Rxa2 35. Ra4 {[%clk 0:37:50]} 35... Rb2 {[%clk 0:14:39]}
36. Rxa7 {[%clk 0:38:10]} 36... Rxb3 {[%clk 0:14:46]} 37. Ra5 {[%clk 0:38:30]}
37... g3 {[%clk 0:14:06]} 38. fxg3 {[%clk 0:38:35]} 38... Rxg3 {[%clk 0:14:22]}
39. Kh2 {[%clk 0:37:44]} 39... Rg4 {[%clk 0:12:31]} 40. Kh3 {[%clk 0:37:36]}
40... Rb4 {[%clk 0:10:12]} 41. Rxf5 {[%clk 0:37:49]} 41... Kg7 {[%clk 0:10:31]}
42. Kg3 {[%clk 0:37:39]} 42... f6 {[%clk 0:09:44]} 43. Rf4 {[%clk 0:37:54]}
43... Rb5 {[%clk 0:09:44]} 44. Kg4 {[%clk 0:38:10]} 44... Rb2 {[%clk 0:09:52]}
45. g3 {[%clk 0:37:37]} 45... Rb5 {[%clk 0:09:40]} 46. Ra4 {[%clk 0:36:43]}
46... Kg6 {[%clk 0:09:50]} 47. Kf4 {[%clk 0:36:38]} 47... Rf5+ {[%clk 0:09:44]}
48. Kg4 {[%clk 0:36:55]} 48... Rb5 {[%clk 0:10:08]} 49. Rf4 {[%clk 0:37:00]}
49... f5+ {[%clk 0:09:45]} 50. Kf3 {[%clk 0:36:47]} 50... Rb3+ {[%clk 0:10:02]}
51. Kg2 {[%clk 0:37:05]} 51... Ra3 {[%clk 0:10:00]} 52. Rb4 {[%clk 0:37:17]}
52... Ra6 {[%clk 0:09:15]} 53. Kf3 {[%clk 0:37:40]} 53... Rc6 {[%clk 0:09:04]}
54. Kf4 {[%clk 0:37:54]} 54... Ra6 {[%clk 0:09:14]} 55. Rd4 {[%clk 0:37:45]}
55... Rc6 {[%clk 0:09:06]} 56. Ke5 {[%clk 0:37:35]} 56... Rc3 {[%clk 0:08:34]}
57. Rd6+ {[%clk 0:37:52]} 57... Kg7 {[%clk 0:08:46]} 58. Kf4 {[%clk 0:37:52]}
58... Rb3 {[%clk 0:07:24]} 59. Re6 {[%clk 0:38:11]} 59... Rb1 {[%clk 0:12:59]}
60. Kxf5 {[%clk 0:53:34]} 60... Rg1 {[%clk 0:13:20]} 61. g4 {[%clk 0:53:27]}
61... Rf1+ {[%clk 0:12:07]} 62. Kg5 {[%clk 0:53:51]} 62... Rf7 {[%clk 0:12:15]}
63. h5 {[%clk 0:54:01]} 63... Ra7 {[%clk 0:12:20]} 64. h6+ {[%clk 0:54:10]}
64... Kh7 {[%clk 0:12:06]} 65. Kh5 {[%clk 0:54:32]} 65... Ra1 {[%clk 0:12:01]}
66. Re7+ {[%clk 0:54:56]} 66... Kg8 {[%clk 0:12:14]} 67. g5 {[%clk 0:54:28]}
67... Ra5 {[%clk 0:12:20]} 68. Re6 {[%clk 0:54:23]} 68... Kh7 {[%clk 0:12:25]}
69. Re7+ {[%clk 0:54:37]} 69... Kg8 {[%clk 0:12:49]} 70. Kg6 {[%clk 0:55:02]}
70... Ra6+ {[%clk 0:12:56]} 71. Kf5 {[%clk 0:55:19]} 71... Ra5+ {[%clk 0:13:08]
} 72. Kf6 {[%clk 0:55:39]} 72... Ra8 {[%clk 0:12:36]} 73. g6 {[%clk 0:55:38]}
73... Kh8 {[%clk 0:11:52]} 74. Re6 {[%clk 0:55:41]} 74... Rg8 {[%clk 0:10:46]}
75. Rd6 {[%clk 0:56:00]} 75... Rf8+ {[%clk 0:08:55]} 76. Ke7 {[%clk 0:56:21]}
76... Rf7+ {[%clk 0:09:21]} 77. gxf7 {[%clk 0:56:45]} 77... Kh7 {[%clk 0:09:47]
} 78. Re6 1-0

[Event "DEM U12 2018"]
[Site "Willingen GER"]
[Date "2018.05.25"]
[Round "10"]
[White "Hommer, Jeremy"]
[Black "Hecht, Jonas Christian"]
[Result "1-0"]
[Termination "normal"]
[Board "5"]
[WhiteElo "1897"]
[BlackElo "1678"]
[WhiteClock "00:05:50"]
[BlackClock "00:12:32"]
[PlyCount "101"]
[WhiteFideId "12992577"]
[BlackFideId "16214846"]
[EventCountry "GER"]
[EventRounds "11"]
[EventType "swiss"]
[EventDate "2018.05.19"]

1. e4 {[%clk 1:15:55]} 1... c5 {[%clk 1:15:49]} 2. Nf3 {[%clk 1:16:16]} 2...
Nc6 {[%clk 1:16:11]} 3. Bb5 {[%clk 1:16:40]} 3... g6 {[%clk 1:16:24]} 4. Bxc6 {
[%clk 1:17:05]} 4... bxc6 {[%clk 1:16:40]} 5. d3 {[%clk 1:14:14]} 5... Bg7 {
[%clk 1:16:31]} 6. O-O {[%clk 1:13:30]} 6... Nf6 {[%clk 1:16:29]} 7. h3 { [%clk
1:11:10]} 7... O-O {[%clk 1:16:42]} 8. c3 {[%clk 1:02:08]} 8... Rb8 { [%clk
1:15:40]} 9. Qc2 {[%clk 1:02:04]} 9... d6 {[%clk 1:12:54]} 10. Re1 { [%clk
0:59:22]} 10... Qb6 {[%clk 1:09:57]} 11. Nbd2 {[%clk 0:56:29]} 11... Ba6 {[%clk
1:09:01]} 12. Nf1 {[%clk 0:47:46]} 12... Rfd8 {[%clk 1:04:52]} 13. Rb1 { [%clk
0:36:24]} 13... Nd7 {[%clk 1:03:19]} 14. Be3 {[%clk 0:33:51]} 14... Qc7 { [%clk
0:57:38]} 15. a4 {[%clk 0:31:06]} 15... Rb7 {[%clk 0:56:35]} 16. b4 { [%clk
0:26:35]} 16... cxb4 {[%clk 0:54:05]} 17. Rxb4 {[%clk 0:24:27]} 17... Rdb8
{[%clk 0:53:44]} 18. Reb1 {[%clk 0:24:40]} 18... c5 {[%clk 0:53:03]} 19. Rxb7
{[%clk 0:24:24]} 19... Rxb7 {[%clk 0:53:06]} 20. Rxb7 {[%clk 0:23:07]} 20...
Qxb7 {[%clk 0:53:25]} 21. d4 {[%clk 0:21:53]} 21... cxd4 {[%clk 0:49:33]} 22.
cxd4 {[%clk 0:21:47]} 22... Nb6 {[%clk 0:46:09]} 23. N1d2 {[%clk 0:21:41]}
23... Qc8 {[%clk 0:45:51]} 24. Qb3 {[%clk 0:20:09]} 24... Qc1+ {[%clk 0:41:56]}
25. Kh2 {[%clk 0:19:52]} 25... Qa1 {[%clk 0:38:37]} 26. Ng5 {[%clk 0:17:10]}
26... d5 {[%clk 0:38:44]} 27. Qb4 {[%clk 0:14:07]} 27... Bf8 {[%clk 0:38:03]}
28. a5 {[%clk 0:11:52]} 28... e6 {[%clk 0:34:55]} 29. Qb3 {[%clk 0:10:58]}
29... Qxa5 {[%clk 0:35:07]} 30. Ndf3 {[%clk 0:10:34]} 30... h6 {[%clk 0:34:36]}
31. Nxf7 {[%clk 0:10:00]} 31... Kxf7 {[%clk 0:34:54]} 32. Ne5+ {[%clk 0:10:29]}
32... Ke8 {[%clk 0:19:22]} 33. Nxg6 {[%clk 0:09:33]} 33... Bg7 {[%clk 0:18:58]}
34. Qc2 {[%clk 0:06:12]} 34... Bc4 {[%clk 0:18:24]} 35. Nf4 {[%clk 0:05:14]}
35... Qa4 {[%clk 0:11:12]} 36. Qb1 {[%clk 0:04:06]} 36... Qb3 {[%clk 0:11:02]}
37. Qa1 {[%clk 0:03:53]} 37... Qa2 {[%clk 0:11:08]} 38. Qd1 {[%clk 0:04:14]}
38... Qa3 {[%clk 0:06:18]} 39. Qg4 {[%clk 0:02:15]} 39... Qe7 {[%clk 0:05:17]}
40. Nxe6 {[%clk 0:01:47]} 40... Bf6 {[%clk 0:05:09]} 41. e5 {[%clk 0:13:12]}
41... Kf7 {[%clk 0:13:24]} 42. exf6 {[%clk 0:11:19]} 42... Qxe6 {[%clk 0:13:46]
} 43. Qg7+ {[%clk 0:11:38]} 43... Ke8 {[%clk 0:14:05]} 44. Qh8+ {[%clk 0:10:04]
} 44... Kf7 {[%clk 0:13:41]} 45. Qg7+ {[%clk 0:10:30]} 45... Ke8 { [%clk
0:14:04]} 46. Qxh6 {[%clk 0:08:03]} 46... Nd7 {[%clk 0:13:18]} 47. Qh8+ { [%clk
0:06:17]} 47... Kf7 {[%clk 0:13:34]} 48. Qg7+ {[%clk 0:06:44]} 48... Ke8 {[%clk
0:13:54]} 49. Bg5 {[%clk 0:05:24]} 49... a5 {[%clk 0:12:09]} 50. Qh8+ { [%clk
0:05:26]} 50... Kf7 {[%clk 0:12:32]} 51. Qh5+ {[%clk 0:05:50]} 1-0

[Event "DEM U12 2018"]
[Site "Willingen GER"]
[Date "2018.05.25"]
[Round "10"]
[White "Haack, Kevin"]
[Black "Bui, Bao Anh Le"]
[Result "1-0"]
[Termination "normal"]
[Board "10"]
[WhiteElo "1846"]
[BlackElo "1974"]
[WhiteClock "00:25:50"]
[BlackClock "00:02:04"]
[PlyCount "101"]
[WhiteFideId "16228715"]
[BlackFideId "12970719"]
[EventCountry "GER"]
[EventRounds "11"]
[EventType "swiss"]
[EventDate "2018.05.19"]

1. c4 {[%clk 1:15:58]} 1... e5 {[%clk 1:15:55]} 2. g3 {[%clk 1:16:20]} 2... c5
{[%clk 1:16:16]} 3. Bg2 {[%clk 1:16:27]} 3... Nc6 {[%clk 1:16:42]} 4. Nc3 {
[%clk 1:16:36]} 4... g6 {[%clk 1:17:06]} 5. a3 {[%clk 1:16:47]} 5... Bg7 {
[%clk 1:17:17]} 6. b4 {[%clk 1:16:03]} 6... d6 {[%clk 1:17:16]} 7. Rb1 { [%clk
1:16:04]} 7... Nge7 {[%clk 1:15:37]} 8. d3 {[%clk 1:15:46]} 8... O-O { [%clk
1:09:00]} 9. e3 {[%clk 1:14:42]} 9... Qc7 {[%clk 0:49:22]} 10. Nge2 { [%clk
1:11:35]} 10... Be6 {[%clk 0:42:47]} 11. O-O {[%clk 1:08:07]} 11... Rfd8 {[%clk
0:36:31]} 12. Nd5 {[%clk 1:05:37]} 12... Bxd5 {[%clk 0:35:51]} 13. cxd5 {[%clk
1:05:51]} 13... Nb8 {[%clk 0:31:12]} 14. bxc5 {[%clk 0:57:21]} 14... Qxc5
{[%clk 0:24:27]} 15. Rxb7 {[%clk 0:55:58]} 15... Nd7 {[%clk 0:24:44]} 16. Bd2
{[%clk 0:43:23]} 16... Qxa3 {[%clk 0:11:01]} 17. Rb3 {[%clk 0:34:07]} 17... Qa6
{[%clk 0:09:18]} 18. Bb4 {[%clk 0:27:42]} 18... Nb6 {[%clk 0:04:13]} 19. Qa1
{[%clk 0:22:16]} 19... Qxa1 {[%clk 0:01:56]} 20. Rxa1 {[%clk 0:22:08]} 20... f5
{[%clk 0:00:53]} 21. Nc3 {[%clk 0:21:10]} 21... Nec8 {[%clk 0:00:44]} 22. e4
{[%clk 0:19:13]} 22... Kf7 {[%clk 0:01:05]} 23. Bh3 {[%clk 0:18:16]} 23... Kf6
{[%clk 0:01:31]} 24. Nb5 {[%clk 0:16:54]} 24... Rd7 {[%clk 0:01:37]} 25. g4
{[%clk 0:16:23]} 25... a6 {[%clk 0:01:40]} 26. Rba3 {[%clk 0:14:11]} 26... axb5
{[%clk 0:01:27]} 27. Rxa8 {[%clk 0:14:35]} 27... Nxa8 { [%clk 0:01:55]} 28.
Rxa8 {[%clk 0:14:57]} 28... Rc7 {[%clk 0:01:32]} 29. gxf5 { [%clk 0:14:37]}
29... g5 {[%clk 0:02:01]} 30. Rb8 {[%clk 0:14:07]} 30... h5 { [%clk 0:02:26]}
31. Rxb5 {[%clk 0:13:30]} 31... Ke7 {[%clk 0:01:01]} 32. f6+ { [%clk 0:12:42]}
32... Bxf6 {[%clk 0:00:43]} 33. Bxc8 {[%clk 0:13:02]} 33... Rxc8 {[%clk
0:00:43]} 34. Rb7+ {[%clk 0:13:25]} 34... Ke8 {[%clk 0:00:58]} 35. Bxd6 {[%clk
0:13:29]} 35... Rd8 {[%clk 0:01:03]} 36. Rb8 {[%clk 0:13:05]} 36... Rxb8 {[%clk
0:01:13]} 37. Bxb8 {[%clk 0:13:25]} 37... Kd7 {[%clk 0:01:27]} 38. f3 {[%clk
0:12:59]} 38... Kc8 {[%clk 0:01:37]} 39. Ba7 {[%clk 0:13:22]} 39... Kb7 {[%clk
0:01:42]} 40. Bf2 {[%clk 0:13:44]} 40... Ka6 {[%clk 0:01:11]} 41. Kg2 {[%clk
0:14:02]} 41... Kb5 {[%clk 0:04:00]} 42. h4 {[%clk 0:29:04]} 42... Kb4 {[%clk
0:02:01]} 43. Kh3 {[%clk 0:28:53]} 43... Kc3 {[%clk 0:01:42]} 44. Bg3 {[%clk
0:28:42]} 44... Kxd3 {[%clk 0:01:35]} 45. hxg5 {[%clk 0:29:00]} 45... Bxg5
{[%clk 0:01:58]} 46. Bxe5 {[%clk 0:29:24]} 46... Ke3 {[%clk 0:02:02] } 47. Kg3
{[%clk 0:28:32]} 47... h4+ {[%clk 0:02:23]} 48. Kg4 {[%clk 0:28:55]} 48... Bd8
{[%clk 0:02:50]} 49. Bf4+ {[%clk 0:26:59]} 49... Kd4 {[%clk 0:02:32]} 50. Bd2
{[%clk 0:25:49]} 50... Be7 {[%clk 0:02:04]} 51. Be1 {[%clk 0:25:50]} 1-0

[Event "DEM U12 2018"]
[Site "Willingen GER"]
[Date "2018.05.25"]
[Round "10"]
[White "Wildermuth, Nikolas Karl"]
[Black "Neuber, Pascal"]
[Result "0-1"]
[Termination "normal"]
[Board "13"]
[WhiteElo "1495"]
[BlackElo "1782"]
[PlyCount "84"]
[WhiteFideId "16244699"]
[BlackFideId "16227611"]
[EventCountry "GER"]
[EventRounds "11"]
[EventType "swiss"]
[EventDate "2018.05.19"]

1. e4 c5 2. d4 cxd4 3. c3 d3 4. Bxd3 e6 5. Nf3 a6 6. O-O d6 7. Qe2 Nf6 8. Rd1
Qc7 9. e5 dxe5 10. Nxe5 Bd6 11. Nf3 O-O 12. Nbd2 b5 13. Ne4 Nd5 14. Nxd6 Qxd6
15. Bxh7+ Kxh7 16. Ng5+ Kg8 17. Qh5 Nf6 18. Qxf7+ Rxf7 19. Rxd6 Rd7 20. Bf4
Rxd6 21. Bxd6 Nc6 22. Re1 Bd7 23. f4 Re8 24. Kf2 e5 25. h3 e4 26. Rd1 Na5 27.
Be5 Bc8 28. Bxf6 gxf6 29. Nxe4 Rxe4 30. Rd8+ Kf7 31. Rxc8 Rxf4+ 32. Ke3 Ra4 33.
h4 Nc4+ 34. Kf3 Nxb2 35. h5 Rxa2 36. Rc7+ Kg8 37. Kg4 Nc4 38. g3 Rf2 39. h6 Rh2
40. h7+ Rxh7 41. Rc8+ Kg7 42. Rc7+ Kg6 0-1

[Event "DEM U12 2018"]
[Site "Willingen GER"]
[Date "2018.05.25"]
[Round "10"]
[White "Lutz, Adam"]
[Black "Halabi, Ibrahim"]
[Result "0-1"]
[Termination "normal"]
[Board "14"]
[WhiteElo "1761"]
[BlackElo "1701"]
[PlyCount "56"]
[WhiteFideId "16226615"]
[BlackFideId "16241754"]
[EventCountry "GER"]
[EventRounds "11"]
[EventType "swiss"]
[EventDate "2018.05.19"]

1. e4 c5 2. Nf3 d6 3. d4 cxd4 4. Nxd4 Nf6 5. Nc3 a6 6. Bg5 Nbd7 7. Bc4 Qc7 8.
Bb3 e6 9. f4 b5 10. Bxe6 fxe6 11. Nxe6 Qc4 12. Nxf8 Rxf8 13. Qxd6 b4 14. e5
bxc3 15. exf6 gxf6 16. O-O-O fxg5 17. Rhe1+ Kf7 18. fxg5 Kg8 19. Qh6 cxb2+ 20.
Kb1 Qf7 21. Rd6 Ne5 22. Rf6 Qg7 23. Qxg7+ Kxg7 24. Rxf8 Kxf8 25. Rxe5 Rb8 26.
h4 Bd7 27. Rd5 Be6 28. Rd6 Bxa2+ 0-1

[Event "DEM U12 2018"]
[Site "Willingen GER"]
[Date "2018.05.25"]
[Round "10"]
[White "Hoke, Adrian Neo"]
[Black "Amato, Cristiano"]
[Result "1/2-1/2"]
[Termination "normal"]
[Board "15"]
[WhiteElo "1628"]
[BlackElo "1681"]
[PlyCount "137"]
[WhiteFideId "16218264"]
[BlackFideId "12998460"]
[EventCountry "GER"]
[EventRounds "11"]
[EventType "swiss"]
[EventDate "2018.05.19"]

1. e4 c5 2. Nf3 e6 3. d4 cxd4 4. Nxd4 Nf6 5. Nc3 Nc6 6. Ndb5 Bb4 7. a3 Bxc3+ 8.
Nxc3 d5 9. exd5 exd5 10. Bd3 O-O 11. O-O d4 12. Ne2 Bg4 13. f3 Bh5 14. Bg5 h6
15. Bh4 g5 16. Bf2 Qd7 17. Ng3 Bg6 18. Bxg6 fxg6 19. Ne2 Rad8 20. Qd3 Ne5 21.
Qb3+ Qd5 22. Qxd5+ Rxd5 23. Bxd4 Nc6 24. Bxf6 Rxf6 25. Rfd1 Rfd6 26. Nc3 Rd2
27. Rac1 Rd8 28. Rxd2 Rxd2 29. Ne4 Rd8 30. Kf2 Ne5 31. b3 Kf7 32. Ke3 Nc6 33.
Nc3 Re8+ 34. Ne4 Rd8 35. c4 Ne5 {(=)} 36. Rc3 b6 37. b4 Ke7 38. c5 bxc5 39.
Nxc5 Rd1 40. Nd3 Nxd3 41. Rxd3 Re1+ 42. Kf2 Rb1 43. Rd5 Rb2+ 44. Kg3 Rc2 45.
Ra5 Rc7 {(=)} 46. Ra6 Kf7 47. b5 Kg7 48. a4 Rd7 49. a5 Re7 50. b6 axb6 51. Rxb6
Re5 52. a6 Ra5 53. Rb7+ Kf6 54. Ra7 Ra4 55. Ra8 Kg7 56. a7 Ra2 57. h3 Ra4 58.
Kf2 Ra2+ 59. Ke3 Ra3+ 60. Kd4 Ra4+ 61. Kc5 Ra1 62. Kd5 Ra5+ 63. Ke6 Ra6+ 64.
Kd5 Ra5+ 65. Ke4 Ra4+ 66. Ke3 Ra3+ 67. Kf2 Ra2+ 68. Kg3 Ra4 69. Kh2 1/2-1/2

[Event "DEM U12 2018"]
[Site "Willingen GER"]
[Date "2018.05.25"]
[Round "10"]
[White "Klugstedt, Vincent"]
[Black "Sallandt, Frido"]
[Result "1-0"]
[Termination "normal"]
[Board "16"]
[WhiteElo "1810"]
[BlackElo "1524"]
[PlyCount "135"]
[WhiteFideId "16216393"]
[BlackFideId "16231767"]
[EventCountry "GER"]
[EventRounds "11"]
[EventType "swiss"]
[EventDate "2018.05.19"]

1. d4 Nf6 2. c4 e5 3. dxe5 Ng4 4. e4 Nxe5 5. f4 Nec6 6. Nf3 Bc5 7. Nc3 a5 8.
Bd3 d6 9. h3 Nd7 10. Bd2 Nb6 11. a3 Be6 12. Qe2 Nd4 13. Nxd4 Qh4+ 14. Kd1 Bxd4
15. Nb5 Bxb2 16. Nxc7+ Ke7 17. Nxa8 Rxa8 18. Rb1 Bd4 19. f5 Bd7 20. Qg4 Qxg4+
21. hxg4 h6 22. Ke2 Bc6 23. g5 hxg5 24. Bxg5+ f6 25. Bf4 Na4 26. Kf3 Nc5 27.
Bc2 Re8 28. Rbd1 Be5 29. Bxe5 dxe5 30. Rh7 Kf7 31. Ke3 Re7 32. Rh8 Rc7 33. Ra8
a4 34. Rh8 Rd7 35. Rxd7+ Bxd7 36. Ra8 Bc6 37. Rh8 Bd7 38. Bd1 Bc6 39. Bf3 Ke7
40. Rh4 Kf8 41. Bd1 Kg8 42. Bc2 Bd7 43. Kd2 Be8 44. Kc3 Na6 45. Bb1 Bc6 46. Bc2
Bd7 47. Rh1 Bc6 48. Rd1 Nc5 49. Re1 Na6 50. g4 Kf7 51. Re3 Kg8 52. Rd3 Nc5 53.
Rd8+ Kh7 54. Kb4 Nxe4 55. Bxa4 Bxa4 56. Kxa4 Nf2 57. Rd7 Nxg4 58. Rxb7 Ne3 59.
c5 Nxf5 60. c6 e4 61. c7 Nd6 62. Rb6 Nc8 63. Rb8 Na7 64. Ra8 e3 65. Re8 Nc8 66.
Rxc8 e2 67. Re8 e1=Q 68. Rxe1 1-0

[Event "DEM U12 2018"]
[Site "Willingen GER"]
[Date "2018.05.25"]
[Round "10"]
[White "Gluma, Christian"]
[Black "Morczynski, Joachim"]
[Result "1-0"]
[Termination "normal"]
[Board "17"]
[WhiteElo "1601"]
[BlackElo "1665"]
[PlyCount "55"]
[WhiteFideId "16223209"]
[BlackFideId "16209745"]
[EventCountry "GER"]
[EventRounds "11"]
[EventType "swiss"]
[EventDate "2018.05.19"]

1. e4 d6 2. d4 Nf6 3. Nc3 g6 4. f4 Bg7 5. a3 O-O 6. Nf3 Nfd7 7. Bc4 e5 8. fxe5
dxe5 9. Bg5 Qe8 10. Qd3 exd4 11. Nd5 Nc5 12. Qe2 Qd7 13. Be7 Re8 14. Bxc5 c6
15. Nf4 b6 16. Bb4 b5 17. Ba2 Bh6 18. Nd3 Qc7 19. Bd2 Bxd2+ 20. Nxd2 c5 21. Bd5
Bb7 22. Bxb7 Qxb7 23. Nxc5 Qc6 24. b4 Nd7 25. Nxd7 Qxd7 26. O-O f5 27. Qd3 fxe4
28. Nxe4 1-0

[Event "DEM U12 2018"]
[Site "Willingen GER"]
[Date "2018.05.25"]
[Round "10"]
[White "Hagenbeck-Hübert, Ben"]
[Black "Langer, Paul Georg"]
[Result "1/2-1/2"]
[Termination "normal"]
[Board "18"]
[WhiteElo "1760"]
[BlackElo "1300"]
[PlyCount "54"]
[WhiteFideId "16230779"]
[BlackFideId "16230051"]
[EventCountry "GER"]
[EventRounds "11"]
[EventType "swiss"]
[EventDate "2018.05.19"]

1. e4 c5 2. Nc3 e6 3. f4 Nc6 4. Nf3 Nge7 5. a4 d5 6. e5 g6 7. g3 Bg7 8. Bg2 O-O
9. O-O b6 10. d4 Ba6 11. Re1 cxd4 12. Nxd4 Nxd4 13. Qxd4 Nc6 14. Qd1 Qc7 15.
Bf1 Bxf1 16. Rxf1 a6 17. Ne2 Rfd8 18. Rf3 Rac8 19. b3 Bf8 20. Bb2 Bc5+ 21. Kf1
Qb7 22. c3 Be7 23. Nd4 Nxd4 24. cxd4 Bb4 25. Qd3 Rc7 26. Rf2 Rdc8 27. Kg2 Kg7
1/2-1/2

[Event "DEM U12 2018"]
[Site "Willingen GER"]
[Date "2018.05.25"]
[Round "10"]
[White "Stepanov, Maximilian"]
[Black "Kort, Felix"]
[Result "0-1"]
[Termination "normal"]
[Board "19"]
[WhiteElo "1300"]
[BlackElo "1672"]
[PlyCount "88"]
[WhiteFideId "16244680"]
[BlackFideId "16220129"]
[EventCountry "GER"]
[EventRounds "11"]
[EventType "swiss"]
[EventDate "2018.05.19"]

1. d4 Nf6 2. Nf3 d5 3. c4 e6 4. Nc3 Nbd7 5. Bf4 c6 6. e3 Bb4 7. a3 Bxc3+ 8.
bxc3 O-O 9. cxd5 exd5 10. c4 Re8 11. cxd5 Nxd5 12. Bg3 N7f6 13. Bd3 Bg4 14. O-O
Nh5 15. Qb3 Nxg3 16. hxg3 Qb6 17. Rab1 Be6 18. Bxh7+ Kh8 19. Qd3 Qc7 20. Bf5
Bxf5 21. Qxf5 Nc3 22. Rb3 Ne4 23. Kh2 Rad8 24. Ng5 Nxg5 25. Qxg5 Rd5 26. Qh4+
Kg8 27. Rh1 g6 28. Kg1 Rh5 29. Qg4 Rxh1+ 30. Kxh1 Kg7 31. Qf4 Rh8+ 32. Kg1 Qd7
33. Qe5+ f6 34. Qc5 b6 35. Qc2 Qd5 36. f3 Qh5 37. Qxc6 Qh1+ 38. Kf2 Rh2 39. f4
Qd1 40. Rb2 Rh1 41. e4 Qxd4+ 42. Kf3 Qd3+ 43. Kg4 Qd1+ 44. Re2 Qxe2# 0-1

[Event "DEM U12 2018"]
[Site "Willingen GER"]
[Date "2018.05.25"]
[Round "10"]
[White "Hänselmann, Hendrik"]
[Black "Hoffmann, Kay"]
[Result "1/2-1/2"]
[Termination "normal"]
[Board "20"]
[WhiteElo "1713"]
[BlackElo "1247"]
[PlyCount "60"]
[WhiteFideId "16232755"]
[BlackFideId "16227000"]
[EventCountry "GER"]
[EventRounds "11"]
[EventType "swiss"]
[EventDate "2018.05.19"]

1. e4 c5 2. Nf3 e6 3. d4 cxd4 4. Nxd4 a6 5. Bd3 Qc7 6. O-O b5 7. Be3 Bb7 8. f4
Nf6 9. Nd2 d5 10. e5 Nfd7 11. N2f3 Be7 12. Qe1 Nc5 13. Qg3 g6 14. Kh1 Ne4 15.
Bxe4 dxe4 16. Nd2 O-O 17. Rae1 Nc6 18. c3 Rfd8 19. Bg1 Nxd4 20. Bxd4 Bc5 21.
Nb3 Bb6 22. Qh4 Rd7 23. Re3 Bxd4 24. Nxd4 Qd8 25. Qh6 Qf8 26. Qh4 Qd8 27. Qh6
Qf8 28. Qg5 Qd8 29. Qg3 Rc8 30. a3 Bd5 1/2-1/2